Les 15 pays les plus googlés au monde - Statistiques

Statistiques générales
  • Ce quiz a été pris 166 fois
  • Le résultat moyen est 6 sur 15
Statistiques - réponses
Réponse % Correct
Chine
93%
Japon
85%
Canada
78%
Australie
71%
Inde
68%
Mexique
67%
Égypte
30%
Pérou
20%
Colombie
19%
Cuba
16%
Belgique
7%
Malaisie
7%
Singapour
5%
Luxembourg
3%
Salvador
0%
Aucun quiz correspondant
Distribution des résultats
% des personnes avec chaque résultat
Percentile par nombre de réponses
Votre historique - résultats
Vous n’avez pas pris ce quiz